000
00286nam a2200121Ia 4500
008
190216s9999||||xx |||||||||||||| ||und||
100
_a
Singal.M.K
245
0
_a
Dismathematics-Sets And Numbers
260
_b
Rchand And Company
300
_a
136p
650
_a
Mathematics
942
_c
BK
999
_c
30769
_d
30769